Mityczne stworzenia - Statystyki

Ogólne statystyki
  • Ten quiz został rozwiązany 6 225 razy
    6 125 od ostatniego zresetowania
  • Średni wynik to 13 z 22
Statystyki odpowiedzi
Opis Stworzenie % Poprawnych
Koń z rogiem na czole Jednorożec
97%
Pół kobieta - pół ryba Syrena
97%
Jednooki olbrzym Cyklop
87%
Ptak, który powstaje z własnych popiołów Feniks
86%
Arabski duch, który pojawia się z magicznej lampy Dżin
82%
Człowiek, który staje się bestią podobną do wilka podczas pełni księżyca Wilkołak
82%
Duże stworzenie mieszkające w górach zazwyczaj z białym futrem i ciałem jak u małpy Yeti
82%
Głowa byka - ciało mężczyzny Minotaur
79%
Pół człowiek - pół koń Centaur
74%
Trójgłowy pies strzegący Hadesu Cerber
73%
Potwór, którego nazwa wzięła się od dużych śladów, które zostawia Wielka Stopa
70%
Kogut / hybryda węża, która może zabić spojrzeniem Bazyliszek
64%
Gigantyczny potwór morski przypominający ośmiornicę Kraken
61%
Wielogłowy wąż wodny Hydra lernejska
58%
Ciało lwa - głowa i skrzydła orła Gryf
48%
Ogromne, głupie stworzenie, które może żyć pod mostem Troll
34%
Brzydkie kobiety z ptasimi skrzydłami, porywające dusze zmarłych Harpie
31%
Zwierzę z Ameryki Łacińskiej, które pije krew zwierząt Chupacabra
29%
Mały, psotny, żądny złota irlandzki duch Leprechaun
19%
Irlandzka zjawa zwiastująca śmierć bliskich Banshee
17%
Skrzydlata postać z włosami w kształcie węży, jedną z nich była grecka Meduza Gorgona
17%
Pół człowiek, pół koza z wiecznym wzwodem Satyr
16%
Nie znaleziono quizów pasujących do podanych kryteriów
Rozkład punktacji
Procent ludzi z każdym wynikiem
Percentyl według liczby udzielonych odpowiedzi
Twoja historia wyników
Nie rozwiązałeś tego quizu od ostatniego zresetowania